Компенсатор кроссполяризационных помех; Измерительная техника; № 3

Bibliographische Detailangaben
Parent link:Измерительная техника=Measurement Techniques: научно-технический журнал/ Российская Федерация, Федеральное агентство по техническому регулированию и метрологии (Ростехрегулирование) (Госстандарт России).— , 1940-1941, 1955-.— 0368-1025
№ 3.— 2003.— С. 33-37
1. Verfasser: Костров В. В.
Weitere Verfasser: Первушин Р. В., Булкин В. В.
Sprache:Russisch
Veröffentlicht: 2003
Schriftenreihe:Радиотехнические измерения
Schlagworte:
Format: MixedMaterials Buchkapitel
KOHA link:https://koha.lib.tpu.ru/cgi-bin/koha/opac-detail.pl?biblionumber=385625

MARC

LEADER 00000naa2a2200000 4500
001 385625
005 20231101063401.0
035 |a (RuTPU)RU\TPU\prd\13543 
090 |a 385625 
100 |a 20030512a2003 k y0rusy50 ca 
101 0 |a rus 
102 |a RU 
200 1 |a Компенсатор кроссполяризационных помех  |f В. В. Костров, Р. В. Первушин, В. В. Булкин 
225 1 |a Радиотехнические измерения 
320 |a Библиогр.: 8 назв. 
461 1 |0 (RuTPU)RU\TPU\prd\1509  |x 0368-1025  |t Измерительная техника  |l Measurement Techniques  |o научно-технический журнал  |f Российская Федерация, Федеральное агентство по техническому регулированию и метрологии (Ростехрегулирование) (Госстандарт России)  |d 1940-1941, 1955- 
463 1 |0 (RuTPU)RU\TPU\prd\13363  |t № 3  |v С. 33-37  |d 2003 
610 1 |a радиометры 
610 1 |a чувствительность 
610 1 |a канал компенсации 
610 1 |a помехи 
610 1 |a поляризационный метод 
610 1 |a измерения 
675 |a 621.396.96  |v 3 
700 1 |a Костров  |b В. В. 
701 1 |a Первушин  |b Р. В. 
701 1 |a Булкин  |b В. В. 
801 1 |a RU  |b 63413507  |c 20030512  |g PSBO 
801 2 |a RU  |b 63413507  |c 20121217  |g RCR 
942 |c BK